| 000 | 00000nam##2200000za#4500 |
| 001 | 9.601255 |
| 003 | CaOODSP |
| 005 | 20220623094111 |
| 007 | cr ||||||||||| |
| 008 | 150406|1996||||xxc|||||o f|0| 0 fre|d |
| 040 | |aCaOODSP|bfre |
| 043 | |an-cn--- |
| 086 | 1 |aC21-23/15-1996F-PDF |
| 110 | 1 |aCanada. |bIndustrie Canada. |
| 245 | 10|aL'impôt salarial et l'emploi : une étude documentaire : |h[ressource électronique]|bdocument hors-série n° 15, décembre 1996 / |cpar Joni Baran. |
| 260 | |aOttawa - Ontario : |bIndustrie Canada |cDécembre 1996. |
| 300 | |a71p.|bgraphiques, tableaux |
| 490 | 1 |aDocument hors série|vN° 15 |
| 500 | |aLe n° de catalogue (C21-24/13-1996) et ISBN (0-662-62682-6) imprimés dans cette publication sont incorrects. |
| 504 | |aBibliographie. |
| 590 | |a11-09-Supp|b2011-06-30 |
| 720 | 1 |aBaran, Joni |
| 775 | 08|tPayroll taxation and employment - a literature survey : |w(CaOODSP)9.570607 |
| 776 | 0#|tPayroll taxation and employment : |w(CaOODSP)9.528136 |
| 776 | 0#|tL'impôt salarial et l'emploi : |w(CaOODSP)9.528137 |
| 830 | #0|aDocument hors série (Canada. Industrie Canada)|vN° 15|w(CaOODSP)9.501162 |
| 856 | 40|ahttp://publications.gc.ca|qPDF|s320 Ko|uhttps://publications.gc.ca/collections/Collection/C21-23-15-1996F.pdf|yN° 15 |